000 00593nam a2200205Ia 4500
005 20250508163902.0
008 008 250505s9999 xx 000 0 eng d
020 _a81-7629-339-3
037 _aTextual
040 _aFEDL
_beng
_cFEDL
041 _aeng
_2eng
084 _a338.954, DAT
_qFEDL
100 _aDatt Ruddar Ed.
245 0 _aSecond generation economic reforms in India
260 _aNew Delhi, India
_bDeep and Deep Publications Pvt. Ltd.
_c2001
300 _axvii,481p.
650 _aEconomics
942 _cTEXL
_h338.954, DAT
999 _c1385786
_d1385786